Relational Typology : (Record no. 622969)

MARC details
000 -LEADER
fixed length control field 00504nam a2200193 a 4500
008 - FIXED-LENGTH DATA ELEMENTS--GENERAL INFORMATION
fixed length control field 260509s1985##################000#0#eng##
020 ## - INTERNATIONAL STANDARD BOOK NUMBER
ISBN 9783110095913
082 04 - DEWEY DECIMAL CLASSIFICATION NUMBER
Classification number 415
Item number PLA
100 1# - MAIN ENTRY--AUTHOR NAME
Personal name Plank, Frans,
245 10 - TITLE STATEMENT
Title Relational Typology :
260 ## - PUBLICATION, DISTRIBUTION, ETC. (IMPRINT)
Name of publisher De Gruyter Mouton,
Year of publication 1985.
300 ## - PHYSICAL DESCRIPTION
Number of Pages 464 pages
650 #0 - SUBJECT ADDED ENTRY--TOPICAL TERM
Topical Term Language Arts & Disciplines.
942 ## - ADDED ENTRY ELEMENTS (KOHA)
Koha item type English Books
Holdings
Withdrawn status Lost status Damaged status Not for loan Home library Current library Shelving location Date acquired Full call number Accession Number Price effective from Koha item type
        Anna Centenary Library Anna Centenary Library 4TH FLOOR, B WING 09.05.2026 415 PLA 389442 09.05.2026 English Books

Find us on the map